Vyrobiť lepší produkt znamená zmeniť proces
Charakteristika manažmentu výrobných operácií. Vo výrobných operáciách rozlišujeme štyri hlavné typy procesov - zákazková výroba, dávková výroba, sériová výroba, plynulý tok. Tok materiálu (continuous flow). Just-in-time (JIT) - japonská výrobná metóda, pravdepodobne najväčšia inovácia výrobných met...
Enregistré dans:
| Auteur principal: | |
|---|---|
| Format: | Chapitre de livre |
| Langue: | slovaque |
| Sujets: | |
| Tags: |
Pas de tags, Soyez le premier à ajouter un tag!
|
MARC
| LEADER | 00000naa a2200000 4500 | ||
|---|---|---|---|
| 001 | r042338 | ||
| 005 | 20230921111535.0 | ||
| 041 | 0 | |a slo | |
| 044 | |a SK | ||
| 245 | 1 | 0 | |a Vyrobiť lepší produkt znamená zmeniť proces |c Roy Westbrook |
| 520 | |a Charakteristika manažmentu výrobných operácií. Vo výrobných operáciách rozlišujeme štyri hlavné typy procesov - zákazková výroba, dávková výroba, sériová výroba, plynulý tok. Tok materiálu (continuous flow). Just-in-time (JIT) - japonská výrobná metóda, pravdepodobne najväčšia inovácia výrobných metód od čias pohyblivej montážnej linky. Hromadná výroba na objednávku. Revolúcia kvality. Technológia. | ||
| 610 | 2 | 0 | |a proces výrobný |
| 610 | 2 | 0 | |a výroba hromadná |
| 610 | 2 | 0 | |a výroba sériová |
| 610 | 2 | 0 | |a výroba zákazková |
| 610 | 2 | 0 | |a tok materiálu |
| 610 | 2 | 0 | |a kvalita |
| 610 | 2 | 0 | |a technológia výroby |
| 610 | 2 | 0 | |a automatizácia výroby |
| 100 | 1 | |a Westbrook, Roy | |